000 00850nmm a2200253 a 4500
001 ocm000702868
003 TR-IsHL
005 20201028124827.0
008 130902s1958 tu tur
007 cr cn
035 _a702868
_b(N$T)
050 0 4 _aBD166
_b.Ü45 1958
090 0 4 _aBD166
_b.Ü45 1958
100 1 _aÜlken, Hilmi Ziya
245 1 0 _aFelsefeye giriş ikinci kısım
_h[electronic resource] /
_cHilmi Ziya Ülken
260 _aAnkara :
_bAnkara Üniversitesi İlahiyat Fakültesi,
_c1958
300 _a284 p.
650 4 _aFelsefe, Psikoloji ve Din
650 4 _aPhilosophy, Psychology and Religion
650 0 _aFelsefe
_x Giriş
650 0 _aPhilosophy
_x Introductions
650 7 _aPHILOSOPHY / General
_2bisacsh
856 4 0 _uhttp://search.ebscohost.com/login.aspx?direct=true&scope=site&db=e011xww&AN=702868
999 _c3157
_d3157